1295 1653 1044 1167 1338 1854 1921 1533 1907 1889 1546 1029 1916 1075 1920 1532 1536 1455 1814 1273 1072 1419 1013 1020 1189 1138 1219 1865 1206 1342 1282 1340 1060 1399 1418 1025 1800 1484 1397 1734 1413 1321 1040 1766 1127 1372 1984 1228 1509 1919 1299 1418 1389 1913 1406 1372 1519 1450 1881 1807 1325 1417 1893 1353 1271 1329 1215 1670 1649 1391 1229 1874 1457 1308 1540 1344 1294 1175 1406 1588 1800 1248 1664 1620 1501 1368 1774 1479 1565 1567 1903 1971 1673 1382 1674 1757 1887 1488 1924 BCNSPRNW ULIB Ver.6.0+V

เปลี่ยนเป็นภาษาไทย

Change to English
 แสดงรายละเอียดบรรณานุกรม
  กลับหน้าหลัก

Brief Record : Get Marc (ISO 2709) : E-mail record : QR code < ปิดหน้าต่าง
LEADER : 00000nam 2200000uu 4500
001    13399108296
003     ULIB
008    110227s2553||||th 000 0 tha d
020    9789741112593
060 04 WS100^bก721 2553 ล.1
245 00 กุมารเวชศาสตร์ สำหรับนักศึกษาแพทย์ เล่มที่ 1 /^cบรรณาธิการ, เปรมฤดี ภูมิถาวร ... [และคนอื่น ๆ]
250    พิมพ์ครั้งที่ 1
260    กรุงเทพฯ :^bภาควิชากุมารเวชศาสตร์คณะแพทยศาสตร์โรงพยาบาลรามาธิบดี มหาวิทยาลัยมหิดล,^c2553
300    [13] ; 433 หน้า :^bภาพประกอบ ;^c27 ซม.
650  2 Disease^xin infancy & childhood
650  2 Pediatrics
650  7 กุมารเวชศาสตร์
650  7 โรคเด็ก
650  7 ผู้ป่วย^xโรคเด็ก
700 0  เปรมฤดี ภูมิถาวร,^eบรรณาธิการ
700 0  สุวัฒนื เบญจพลพิทักษ์,^eบรรณาธิการ
700 0  กาญจนา ตั้งนรารัชชกิจ,^eบรรณาธิการ
700 0  สุเทพ วาณิชย์กุล,^eบรรณาธิการ
700 0  สุรางค์ เจียมจรรยา,^eบรรณาธิการ
710 2  มหาวิทยาลัยมหิดล. ^bคณะแพทยศาสตร์โรงพยาบาลรามาธิบดี.^bภาควิชากุมารเวชศาสตร์
995    เกษร
999    ^aใช้งานได้ทุกระบบ
รายการนี้ยังไม่มีแท็ก
คุณยังไม่ได้ล็อกอิน คุณสามารถมีกิจกรรมร่วมกับเว็บไซต์ได้ แต่ต้องล็อกอินก่อน ::
  ล็อกอิน

รายการสื่อสารสนเทศ

ลำดับที่ ประเภท เลขเรียก/บาร์โค้ด สถานที่ สถานะ
- ไม่พบข้อมูล -

รายการใกล้เคียง
    หัวเรื่อง [Pediatrics]
    หัวเรื่อง [กุมารเวชศาสตร์]
    หัวเรื่อง [โรคเด็ก]

BibComment


ยังไม่เคยถูกคอมเมนท์

คอมเมนท์ทรัพยากรรายการนี้
  คอมเมนท์: กุมารเวชศาสตร์ สำ..


 Copyright 2026. Bcnsprnw @Library